[Event "VIE-ch U07"]
[Site "Ho Chi Minh City"]
[Date "2014.07.16"]
[Round "6"]
[White "Khuu, Dich Tai"]
[Black "Nguy, Ngoc Duc Anh"]
[Result "0-1"]
[WhiteElo "1371"]
[BlackElo "1415"]
[PlyCount "64"]
[EventDate "2014.07.13"]
[EventType "swiss"]
[EventRounds "9"]
[EventCountry "VIE"]
[SourceTitle "EXT 2016"]
[Source "ChessBase"]
[SourceDate "2015.10.08"]
[SourceVersion "1"]
[SourceVersionDate "2015.10.08"]
[SourceQuality "1"]

1. d4 d5 2. e3 Nf6 3. Nf3 g6 4. Be2 Bg7 5. Bb5+ Bd7 6. Bxd7+ Qxd7 7. Ne5 Qd8 8. Ng4 0-0 9. Nxf6+ Bxf6 10. 0-0 Bg7 11. Bd2 Re8 12. Qg4 e5 13. dxe5 Rxe5 14. Nc3 Rg5 15. Qd1 Qc8 16. e4 Qh3 17. Bxg5 Qe6 18. exd5 Qd6 19. g3 Bxc3 20. Bf4 Be5 21. Bxe5 Qxe5 22. Re1 Qxb2 23. Rb1 Qf6 24. Re2 Na6 25. Rd2 Rd8 26. Rxb7 Nc5 27. Rxc7 Ne4 28. Re2 Nc3 29. Re6 Rxd5 30. Re8+ Kg7 31. Rcc8 Rxd1+ 32. Kg2 Nxa2 0-1